000 00488nam a2200133Ia 4500
008 170221s9999 xx 000 0 und d
100 _aEmil Stjernholm
245 _aPolitical Ads in the Swedish 2006 and 2010 Parliamentary Elections:Focus on the Sweden Democrats and the Role of Audiovisual Media
245 _cEmil Stjernholm
260 _bOnline Journal of Communication and Media Technologies
650 _xCommunication
650 _xMedia Arts
856 _uhttp://www.ojcmt.net/
999 _c312887
_d312887